• 首页
  • 本馆介绍
  • 公告通知
  • 最新文献
  • 馆藏检索
  • 电子资源
  • 读者导购
  • 参考咨询
  • 我的图书馆
  • 登录
  • 详细信息显示
  • 放入我的书架
  • 预约/预借图书
  • 作者相关作品
  • 分类相关作品
  • 丛书相关作品
  • 出版社相关作品

书目信息

  • 表格格式
  • 工作单格式
  • 卡片格式
题名:
数字音频与视频编辑技术
    
 
作者: 江永春 主编
分册:  
出版信息: 北京   电子工业出版社  2018重印
页数: 283页
开本: 26cm
丛书名: 数码艺术设计丛书
单 册:
中图分类: TN94 , J618.9-39
科图分类:
主题词: 音乐软件--yin yue ruan jian--高等职业教育--教材 , 视频编辑软件--shi pin bian ji ruan jian--高等职业教育--教材
电子资源:
ISBN: 978-7-121-28693-3
000 01231nam 2200301 45
001 012001001953
005 20191121104636.25
010    @a978-7-121-28693-3@dCNY39.00
099    @aCAL 012016095822
100    @a20160718d2016 em y0chiy50 ea
101 0  @achi
102    @aCN@b110000
105    @aak z 000yy
106    @ar
200 1  @a数字音频与视频编辑技术@Ashu zi yin pin yu shi pin bian ji ji shu@f江永春主编
205    @a第2版
210    @a北京@c电子工业出版社@d2018重印
215    @a283页@c图@d26cm
225 2  @a数码艺术设计丛书@Ashu ma yi shu she ji cong shu
330    @a本书详尽地介绍数字音、视频技术的基本概念、原理以及Audition和Premiere Pro CS6的使用方法和技巧。全书共12章,通过精心设计的经典案例,介绍了Audition的功能、单轨和多轨界面的基本操作及后期特效处理。Premiere部分介绍了软件的工作环境、编辑基础、视频切换、视频特效、运动效果、字幕制作以及视频输出等。
410  0 @12001 @a数码艺术设计丛书
606 0  @a音乐软件@Ayin yue ruan jian@x高等职业教育@j教材
606 0  @a视频编辑软件@Ashi pin bian ji ruan jian@x高等职业教育@j教材
690    @aTN94@v5
690    @aJ618.9-39@v5
701  0 @a江永春@Ajiang yong chun@4主编
801  0 @aCN@b北京卓展@c20191020
905    @b1202865-8@dTN94@e278=2@f4
    
    数字音频与视频编辑技术/江永春主编.-第2版.-北京:电子工业出版社,2018重印
    283页:图;26cm.-(数码艺术设计丛书)
    
    
    ISBN 978-7-121-28693-3:CNY39.00
    本书详尽地介绍数字音、视频技术的基本概念、原理以及Audition和Premiere Pro CS6的使用方法和技巧。全书共12章,通过精心设计的经典案例,介绍了Audition的功能、单轨和多轨界面的基本操作及后期特效处理。Premiere部分介绍了软件的工作环境、编辑基础、视频切换、视频特效、运动效果、字幕制作以及视频输出等。
●
相关链接 在E读中查询图书 在五车中查询图书 在当当中查询图书 在豆瓣中查询图书


正题名:数字音频与视频编辑技术     索取号:TN94/278=2         预约/预借

序号 登录号 条形码 馆藏地/架位号 状态 备注
1 1202865   212028651   第二样本阅览室/ [索取号:TN94/278=2] 在馆    
2 1202866   212028660   第三借阅区/ [索取号:TN94/278=2] 在馆    
3 1202867   212028679   第三借阅区/ [索取号:TN94/278=2] 在馆    
4 1202868   212028688   第三借阅区/ [索取号:TN94/278=2] 在馆    
唐山师范学院图书馆 欢迎您!
大连网信软件有限公司© 版权所有